| 000 | 00000nam##2200000za#4500 |
| 001 | 9.606541 |
| 003 | CaOODSP |
| 005 | 20210624212658 |
| 007 | cr ||||||||||| |
| 008 | 150406|1988||||xxc|||||o f|0| 0 fre|d |
| 022 | |a1488-545X |
| 040 | |aCaOODSP|bfre |
| 043 | |an-cn--- |
| 086 | 1 |aFs97-6/1608F-PDF |
| 110 | 1 |aCanada. |bMinistère des pêches et des océans. |
| 245 | 10|aModifications physiques de l'habitat du poisson dans le Saint-Laurent de 1945 à 1984 et effets sur les pêches commerciales / |h[ressource électronique]|cpar J.A. Robitaille ... [et al.] |
| 260 | |aQuébec - Québec : |bPêches et Océans Canada |c1988. |
| 300 | |a54p.|bfigures, références, tableaux |
| 490 | 1 |aRapport technique canadien des sciences halieutiques et aquatiques|x1488-545X|vN° 1608 |
| 500 | |aSur la p. de t. : Direction de la gestion des pêches et de l'habitat, Cap Diamant, Québec (Québec). Le n° de catalogue et l'ISSN de l'édition imprimée apparaissent dans cette version électronique. |
| 546 | |a(Abstract in English). |
| 590 | |a14-03-Supp|b2014-01-17 |
| 720 | 1 |aRobitaille, J. A. |
| 830 | #0|aRapport technique canadien des sciences halieutiques et aquatiques,|x1488-545X|vN° 1608|w(CaOODSP)9.500867 |
| 856 | 40|ahttp://publications.gc.ca|qPDF|s3204 Ko|uhttps://publications.gc.ca/collections/collection_2014/mpo-dfo/Fs97-6-1608-fra.pdf|yN° 1608 |